| 000 | 01315nam a22003857a 4500 | ||
|---|---|---|---|
| 001 | 000099638 | ||
| 003 | CHAP | ||
| 005 | 20220817044250.0 | ||
| 008 | 090422s2004 mx r 00010 spa d | ||
| 010 | _a96102 | ||
| 011 | _a97074 | ||
| 020 | _a9707223413 | ||
| 035 | _a107734 | ||
| 040 | _cCHAP | ||
| 082 | 0 | 0 |
_a370.114 _bAl72 |
| 100 | 1 |
_aAlonso A., José María _9124338 |
|
| 245 | 1 | 3 |
_aLa educación en valores en la institución escolar : _bplaneación - programación / _c/por José María Alonso A. |
| 260 |
_aMéxico, D.F. : _bPlaza y Valdés, _c2004. |
||
| 300 |
_a402 p. : _bilus. |
||
| 590 |
_aBATCH-UPD _b10 _c20130110 _lUCH01 _h0653 |
||
| 590 |
_aBATCH-UPD _b10 _c20130410 _lUCH01 _h0338 |
||
| 590 |
_aBATCH-UPD _b10 _c20130914 _lUCH01 _h1238 |
||
| 590 |
_aCONVERSION _b10 _c20130109 _lUCH01 _h1353 |
||
| 590 |
_aE11695DGD _b10 _c20160506 _lUCH01 _h1452 |
||
| 650 | 1 | 4 | _aEducación elemental. |
| 650 | 1 | 4 |
_aEducación media superior. _935578 |
| 650 | 1 | 4 |
_aEducación. _935409 |
| 650 | 1 | 4 |
_aValores (filosofía) _9117673 |
| 650 | 1 | 4 |
_aValores. _9117671 |
| 901 | _aBK | ||
| 942 | _cLIBRO | ||
| 942 | _n0 | ||
| 949 |
_a370.114 Al72 _bBC _cLIBRO _d33724002092157 _eLIBRO _gI.c/e _h110097 _i107734 _si _t$244.00 |
||
| 949 |
_a370.114 Al72 _bBC _cLIBRO _d33724002093710 _eLIBRO _fc.2 _gI.c/e _h110376 _i107734 _sb _t$325.00 |
||
| 999 |
_c96102 _d96102 |
||